000 00906nam a22003017a 4500
001 4842
003 FISKH
005 20241017143029.0
008 241017b cb ||||| |||| 00| 0 eng d
020 _a9780439289788
040 _aFISKH
_beng
_cFISKH
_dFISKH
050 _aPZ7.B25059
082 _a543
100 _aBarkly, Bob
_d(1924-)
245 _aThe dog who cried "woof!" /
_cAdapted by Bob Barkly Illustrated by John Kurtz
250 _aFirst printing in 2001
260 _aNew York :
_bScholastic,
_c2001.
300 _a30 pages :
_bColor illustrations ;
_c23 cm
505 _aJ
520 _aBecause Cleo had fooled them twice before, Clifford and T-Bone ignore her cries for help.
521 8 _a480L
_bLexile
521 8 _aJ
_bRaz-Plus
650 _2Fiction
_aAnimals
650 _2Clifford
_aPets
700 _aKurtz, John
_dIllustrator
942 _2ddc
_cBK
_n0
999 _c4842
_d4842